Séries TV - Reliez 20 personnages à la bonne entreprise - Statistiques

Statistiques générales
  • Ce quiz a été pris 68 fois
  • Le résultat moyen est 7 sur 20
Statistiques - réponses
Hint Réponse % Correct
Gustavo Fring dans Breaking Bad Los Pollos Hermanos
56%
Rachel Green dans Friends Bloomingdale’s
52%
Penny dans The Big Bang Theory The Cheesecake Factory
52%
Monica Geller dans Friends L’Alessandro’s
51%
Chloe Sullivan dans Smallville Daily Planet
44%
Brooke Davis dans Les Frères Scott Clothes Over Bros
43%
Howard Wolowitz dans The Big Bang Theory Caltech
39%
Peyton Sawyer dans Les Frères Scott Red Bedroom Records
39%
Carrie Bradshaw dans Sex and The City The New York Star
36%
Grace Santiago dans Nip/Tuck McNamara/Troy
33%
Madelyn Stillwell dans The Boys Vought
31%
Loïs Wilkerson dans Malcolm Lucky Aide
30%
Melinda Gordon dans Ghost Whisperer Same As It Never Was Antiques
30%
Amanda Woodward Burns dans Melrose Place D&D Advertising
28%
Ally McBeal dans Ally McBeal Cage and Fish
26%
Hughie Campbell dans The Boys Bryman Audio-Visual
25%
Chuck Bartowski dans Chuck Buy More
18%
Nathan Bates dans V Science Frontiers
11%
Todd Alquist dans Breaking Bad Vamonos Pest
10%
Hurley dans Lost : Les Disparus Mr. Cluck's
3%
Aucun quiz correspondant
Distribution des résultats
% des personnes avec chaque résultat
Percentile par nombre de réponses
Votre historique - résultats
Vous n’avez pas pris ce quiz